[Event "OSEM SH 2017"]
[Site "Büsum"]
[Date "2017.09.13"]
[Round "6.82"]
[White "Lambrecht, Harald"]
[Black "Graffenberger, Wilhelm"]
[Result "0-1"]
[BlackElo "1651"]
[BlackTeam "Hamburger SK"]
[EventDate "2017.??.??"]
[PlyCount "94"]
[WhiteElo "1414"]
[WhiteTeam "SK Celle-Westercelle"]

1. d4 Nf6 2. c4 c6 3. Nc3 d5 4. e3 Bf5 5. Nf3 h6 6. Bd3 Ne4 7. cxd5 cxd5 8. Qa4+
Bd7 9. Bb5 e6 10. Ne5 a6 11. Nxd7 Nxd7 12. Bxd7+ Qxd7 13. Qxd7+ Kxd7 14. Nxe4
dxe4 15. Bd2 Bd6 16. O-O Rhc8 17. Rfc1 Rc6 18. Rxc6 bxc6 19. Bc3 g6 20. g3 Rb8
21. Kf1 Rb5 22. Ke2 c5 23. dxc5 Rxc5 24. Rd1 Rd5 25. Rxd5 exd5 26. Kd2 Kc6 27.
Kc2 Kb5 28. Kb3 f5 29. a4+ Kc6 30. Bb4 Bc7 31. Bc3 g5 32. Bg7 h5 33. Bh6 g4 34.
Bf4 Ba5 35. Kc2 Be1 36. Kd1 Ba5 37. Be5 Kc5 38. Bc3 Bxc3 39. bxc3 Kc4 40. Kc2
a5 41. Kb2 Kd3 42. Kb3 Ke2 43. c4 dxc4+ 44. Kxc4 Kxf2 45. Kb5 Kxe3 46. Kxa5 Kf2
47. Kb5 e3  0-1

[Event "OSEM SH 2017"]
[Site "Büsum"]
[Date "2017.09.13"]
[Round "6.83"]
[White "Graffenberger, Marianne"]
[Black "Bierwald, Martin"]
[Result "1/2-1/2"]
[BlackElo "1637"]
[BlackTeam "Königsspr. SC"]
[EventDate "2017.??.??"]
[PlyCount "74"]
[WhiteElo "1382"]
[WhiteTeam "Hamburger SK"]

1. e4 e6 2. Nc3 d5 3. Be2 dxe4 4. Nxe4 Bd7 5. Nf3 Bc6 6. d3 Bxe4 7. dxe4 Qxd1+
8. Bxd1 Nf6 9. e5 Nfd7 10. Bf4 Bc5 11. c3 O-O 12. Bc2 h6 13. Be4 c6 14. b4 Be7
15. b5 Nc5 16. Nd2 Nxe4 17. Nxe4 cxb5 18. O-O Rd8 19. Nd6 Bxd6 20. exd6 Nc6 21.
Rfd1 Na5 22. Rab1 a6 23. d7 Kf8 24. Bc7 Nc4 25. Bxd8 Rxd8 26. a4 bxa4 27. Rxb7
Ke7 28. Rc7 Nb6 29. Ra7 Nxd7 30. Ra1 Rc8 31. Ra3 Rc6 32. g3 Kd6 33. Rxa4 Ke7
34. R4xa6 Rxc3 35. Rb7 Rd3 36. Kf1 Kf6 37. Ra5 Rd6  1/2-1/2

[Event "OSEM SH 2017"]
[Site "Büsum"]
[Date "2017.09.13"]
[Round "6.84"]
[White "Boß, Kurt"]
[Black "Jovi, Klaus"]
[Result "1/2-1/2"]
[BlackElo "1608"]
[BlackTeam "SV Grevenbroich"]
[EventDate "2017.??.??"]
[PlyCount "84"]
[WhiteElo "1222"]
[WhiteTeam "Flensburger SK"]

1. e4 e6 2. Nc3 d5 3. Nf3 Nf6 4. Bd3 Bb4 5. O-O Bxc3 6. e5 Bxe5 7. Nxe5 Nbd7 8.
Re1 Nxe5 9. Rxe5 Bd7 10. f3 c6 11. c3 Qc7 12. Qe1 Qb6+ 13. Kf1 O-O-O 14. b4 h5
15. Bb2 c5 16. Ba3 c4 17. Bc2 h4 18. h3 Rh5 19. f4 Rdh8 20. Qe2 Rxe5 21. fxe5
Nh5 22. Ke1 Ng3 23. Qf2 Qxf2+ 24. Kxf2 Rh5 25. Re1 b5 26. d4 Kd8 27. Bc1 a6 28.
Kf3 Ke8 29. Bd1 Rf5+ 30. Kg4 Rf1 31. Rxf1 Nxf1 32. Kxh4 f5 33. Be2 Nh2 34. Kg3
Kf7 35. Kxh2 g6 36. h4 Kg7 37. h5 gxh5 38. Bxh5 Bc8 39. Bg5 Bd7 40. Kh3 Bc8 41.
Kg3 Bd7 42. Kf4 Bc8  1/2-1/2

[Event "OSEM SH 2017"]
[Site "Büsum"]
[Date "2017.09.13"]
[Round "6.85"]
[White "Walther, Renate"]
[Black "Rudolph, Karl-Heinz"]
[Result "0-1"]
[BlackElo "1577"]
[BlackTeam "SV Irxleben"]
[EventDate "2017.??.??"]
[PlyCount "46"]
[WhiteElo "1173"]
[WhiteTeam "SK Herzogenaurach"]

1. e4 c5 2. Nf3 e6 3. d4 cxd4 4. Nxd4 a6 5. Be2 Nc6 6. O-O Qc7 7. c3 Nf6 8. Bf3
Be7 9. Nxc6 bxc6 10. Nd2 d5 11. Re1 O-O 12. e5 Nd7 13. Nb3 Nxe5 14. Bf4 Bd6 15.
Re3 Nxf3+ 16. Rxf3 Bxf4 17. g3 Bd6 18. Qc2 c5 19. Rd1 Bb7 20. Re3 a5 21. f4 Qc6
22. Rf1 d4 23. cxd4 Qh1+  0-1

[Event "OSEM SH 2017"]
[Site "Büsum"]
[Date "2017.09.13"]
[Round "6.86"]
[White "Schütt, Günter"]
[Black "Howe, Dietrich"]
[Result "0-1"]
[BlackElo "1471"]
[BlackTeam "SK Kaltenkirchen"]
[EventDate "2017.??.??"]
[PlyCount "82"]
[WhiteElo "1573"]
[WhiteTeam "SV Strand"]

1. c4 c5 2. Nc3 e6 3. Nf3 Nf6 4. e3 a6 5. d4 cxd4 6. exd4 b6 7. a3 Bb7 8. Bd3
Be7 9. O-O O-O 10. Re1 Qc7 11. h3 d6 12. b3 Nbd7 13. d5 e5 14. Qc2 Rfe8 15. Bg5
h6 16. Bh4 Rac8 17. Rac1 Bf8 18. Bf5 Rb8 19. Ne4 Nxe4 20. Qxe4 Nc5 21. Qc2 e4
22. Nh2 Nd3 23. Rxe4 Nxc1 24. Qxc1 Rxe4 25. Bxe4 Re8 26. f3 Bc8 27. Qf4 g5 28.
Bxg5 hxg5 29. Qxg5+ Bg7 30. Nf1 Qc5+ 31. Kh1 Qd4 32. Ng3 Kf8 33. Nf5 Bxf5 34.
Qxf5 Qa1+ 35. Kh2 Be5+ 36. f4 Bd4 37. a4 Qg1+ 38. Kg3 Bf2+ 39. Kg4 Qh2 40. Qh7
Qg3+ 41. Kf5 Qg6+  0-1

[Event "OSEM SH 2017"]
[Site "Büsum"]
[Date "2017.09.13"]
[Round "6.87"]
[White "Schumacher, Ursula"]
[Black "Kaspschak, Karola"]
[Result "1/2-1/2"]
[BlackElo "1435"]
[BlackTeam "Sf Barsinghausen"]
[EventDate "2017.??.??"]
[PlyCount "84"]
[WhiteElo "1519"]
[WhiteTeam "HTC Bad Neuenahr"]

1. c4 c5 2. Nc3 Nf6 3. Nf3 Nc6 4. g3 e5 5. Bg2 Be7 6. O-O O-O 7. d3 d5 8. cxd5
Nxd5 9. a3 Nxc3 10. bxc3 Bg4 11. Ne1 Qd7 12. f3 Be6 13. Rb1 b6 14. e3 Rfd8 15.
c4 Bxc4 16. Bd2 Bxd3 17. Nxd3 Qxd3 18. Rf2 Na5 19. f4 e4 20. Ra1 Bf6 21. Ra2
Qb3 22. Qxb3 Nxb3 23. Bxe4 Rab8 24. Kg2 Nxd2 25. Rfxd2 g6 26. Rac2 Kg7 27. Kf3
Rxd2 28. Rxd2 Rd8 29. Ke2 Rxd2+ 30. Kxd2 Ba1 31. Bd3 f6 32. g4 h6 33. h3 a5 34.
a4 g5 35. Kc2 Kf7 36. f5 Ke7 37. Kb3 Kd6 38. Kc4 Kc6 39. Be4+ Kd6 40. Kb5 Kc7
41. Bd5 Bc3 42. e4 Be5  1/2-1/2

[Event "OSEM SH 2017"]
[Site "Büsum"]
[Date "2017.09.13"]
[Round "6.88"]
[White "Engel, Peter"]
[Black "Berber, Theodor"]
[Result "1/2-1/2"]
[BlackElo "1627"]
[BlackTeam "SK Kaltenkirchen"]
[EventDate "2017.??.??"]
[PlyCount "43"]
[WhiteElo "1448"]
[WhiteTeam "Schachpinguine Berlin"]

1. e4 c5 2. Nf3 d6 3. d4 cxd4 4. Qxd4 Nc6 5. Bb5 Qa5+ 6. Nc3 Bd7 7. Bxc6 bxc6 8.
Bd2 Qb6 9. b3 e5 10. Qd3 h6 11. O-O Nf6 12. h3 Be7 13. Be3 Qc7 14. Rad1 Nh5 15.
Ne2 a5 16. a4 Be6 17. Bc1 Nf6 18. Bb2 O-O 19. Kh1 Rfd8 20. Qe3 Ne8 21. Nd2 Bf6
22. Ba1  1/2-1/2

[Event "OSEM SH 2017"]
[Site "Büsum"]
[Date "2017.09.13"]
[Round "6.89"]
[White "Geibel, Henning"]
[Black "Horn, Wilfried"]
[Result "1-0"]
[BlackElo "1412"]
[BlackTeam "SV Bad Schwartau"]
[EventDate "2017.??.??"]
[PlyCount "41"]
[WhiteElo "1475"]
[WhiteTeam "SV Bargteheide"]

1. e4 c5 2. Nf3 d6 3. Bc4 e6 4. O-O Nc6 5. c3 Nf6 6. Re1 e5 7. Ng5 Be7 8. Nxf7
Qd7 9. Nxh8 Na5 10. Qe2 g6 11. Bb5 Nc6 12. Qc4 Bf8 13. Bxc6 bxc6 14. d4 d5 15.
exd5 cxd5 16. Rxe5+ Kd8 17. Qe2 c4 18. Bg5 Bg7 19. Nxg6 hxg6 20. Qf3 Qd6 21.
Rxd5  1-0

[Event "OSEM SH 2017"]
[Site "Büsum"]
[Date "2017.09.13"]
[Round "6.91"]
[White "Schwab, Wolfgang"]
[Black "Baumast, Bernd"]
[Result "1/2-1/2"]
[BlackElo "1583"]
[BlackTeam "SV Bad Oldesloe"]
[EventDate "2017.??.??"]
[PlyCount "37"]
[WhiteElo "1790"]
[WhiteTeam "SV Turm Sankt Augustin"]

1. d4 e6 2. Bf4 Bd6 3. Bg3 Bxg3 4. hxg3 b6 5. e3 Ne7 6. Nf3 O-O 7. Bd3 Ng6 8.
Nbd2 Ba6 9. c4 d5 10. Qc2 Nc6 11. a3 Na5 12. Ne5 dxc4 13. Be4 Bb7 14. Bxb7 Nxb7
15. Ndxc4 Qd5 16. Kf1 Rac8 17. Rc1 c5 18. e4 Qd8 19. Nxg6  1/2-1/2